The influence of valuers and valuations on the working of the commercial property investment market. (Record no. 100964)

MARC details
000 -LEADER
fixed length control field 01858cam a2200361 4500
001 - CONTROL NUMBER
control field J109630
008 - FIXED-LENGTH DATA ELEMENTS--GENERAL INFORMATION
fixed length control field 000000n2000 000 0 eng u
035 ## - SYSTEM CONTROL NUMBER
System control number (Sirsi) u109630
050 ## - LIBRARY OF CONGRESS CALL NUMBER
Classification number 333.332
110 ## - MAIN ENTRY--CORPORATE NAME
Corporate name or jurisdiction name as entry element University of Reading, Department of Land Management and Development
9 (RLIN) 3973
245 #4 - TITLE STATEMENT
Title The influence of valuers and valuations on the working of the commercial property investment market.
260 ## - PUBLICATION, DISTRIBUTION, ETC.
Place of publication, distribution, etc. London
Name of publisher, distributor, etc. Investment Property Forum
Date of publication, distribution, etc. 2000
300 ## - PHYSICAL DESCRIPTION
Extent 51p. ; 30cm.
520 ## - SUMMARY, ETC.
Summary, etc. Research undertaken by the Department of Land Management and Development at the University of Reading and Department of Surveying Nottingham Trent University. Research funded by the Educational Trusts of the Investment Property Forum, Jones Lang LaSalle and the Royal Institutuion of Chartered Surveyors.
650 ## - SUBJECT ADDED ENTRY--TOPICAL TERM
Topical term or geographic name entry element INVESTMENT
650 ## - SUBJECT ADDED ENTRY--TOPICAL TERM
Topical term or geographic name entry element PROPERTY MARKET
650 ## - SUBJECT ADDED ENTRY--TOPICAL TERM
Topical term or geographic name entry element PROPERTY PRICES
650 ## - SUBJECT ADDED ENTRY--TOPICAL TERM
Topical term or geographic name entry element REAL ESTATE
650 ## - SUBJECT ADDED ENTRY--TOPICAL TERM
Topical term or geographic name entry element VALUATIONS
650 ## - SUBJECT ADDED ENTRY--TOPICAL TERM
Topical term or geographic name entry element PROPERTY-COMMERCIAL PROPERTY
650 ## - SUBJECT ADDED ENTRY--TOPICAL TERM
Topical term or geographic name entry element SURVEYING
650 ## - SUBJECT ADDED ENTRY--TOPICAL TERM
Topical term or geographic name entry element SURVEYORS
650 ## - SUBJECT ADDED ENTRY--TOPICAL TERM
Topical term or geographic name entry element VALUERS
650 ## - SUBJECT ADDED ENTRY--TOPICAL TERM
Topical term or geographic name entry element RESEARCH
690 ## - LOCAL SUBJECT ADDED ENTRY--TOPICAL TERM (OCLC, RLIN)
Topical term or geographic name as entry element PROPERTY-PROPERTY APPRAISAL AND VALUATION
710 ## - ADDED ENTRY--CORPORATE NAME
Corporate name or jurisdiction name as entry element Nottingham Trent University, Department of Surveying
9 (RLIN) 3974
710 ## - ADDED ENTRY--CORPORATE NAME
Corporate name or jurisdiction name as entry element Investment Property Forum
9 (RLIN) 2112
710 ## - ADDED ENTRY--CORPORATE NAME
Corporate name or jurisdiction name as entry element Jones Lang LaSalle
9 (RLIN) 3755
710 ## - ADDED ENTRY--CORPORATE NAME
Corporate name or jurisdiction name as entry element Royal Institution of Chartered Surveyors
9 (RLIN) 4900
856 ## - ELECTRONIC LOCATION AND ACCESS
Uniform Resource Identifier <a href="https://www.rics.org/profession-standards/knowledge-and-information-services/document-delivery-and-other-kis-fees">https://www.rics.org/profession-standards/knowledge-and-information-services/document-delivery-and-other-kis-fees</a>
Public note Please email [email protected]
856 ## - ELECTRONIC LOCATION AND ACCESS
Uniform Resource Identifier <a href="https://www.researchgate.net/publication/237743855_THE_INFLUENCE_OF_VALUERS_AND_VALUATIONS_ON_THE_WORKINGS_OF_THE_COMMERCIAL_PROPERTY_INVESTMENT_MARKET_Research_funded_by_the_Education_Trusts_of_the_Investment_Property_Forum_Jones_Lang_LaSalle_and_the">https://www.researchgate.net/publication/237743855_THE_INFLUENCE_OF_VALUERS_AND_VALUATIONS_ON_THE_WORKINGS_OF_THE_COMMERCIAL_PROPERTY_INVESTMENT_MARKET_Research_funded_by_the_Education_Trusts_of_the_Investment_Property_Forum_Jones_Lang_LaSalle_and_the</a>
Public note Available on ResearchGate
942 ## - ADDED ENTRY ELEMENTS (KOHA)
Suppress in OPAC 0
Source of classification or shelving scheme Dewey Decimal Classification
Holdings
Withdrawn status Lost status Source of classification or shelving scheme Damaged status Not for loan Home library Current library Shelving location Date acquired Total Checkouts Full call number Barcode Date last seen Copy number Price effective from Koha item type Date last checked out Uniform Resource Identifier Public note
    Dewey Decimal Classification     London London RICS Boxes 30/11/2000   RICS 2000/60 30062948 06/08/2019 1 06/08/2019 Archive      
    Dewey Decimal Classification     London London RICS Boxes 30/11/2000   RICS 2000/60 30062949 06/08/2019 2 06/08/2019 Reference material      
    Dewey Decimal Classification     London London RICS Boxes 30/11/2000 2 RICS 2000/60 30062951 06/08/2019 4 06/08/2019 Book 15/10/2001    
    Dewey Decimal Classification     Virtual Virtual Online 18/12/2024   ONLINE PUBLICATION   18/12/2024 3 18/12/2024 Online material   https://www.researchgate.net/publication/237743855_THE_INFLUENCE_OF_VALUERS_AND_VALUATIONS_ON_THE_WORKINGS_OF_THE_COMMERCIAL_PROPERTY_INVESTMENT_MARKET_Research_funded_by_the_Education_Trusts_of_the_Investment_Property_Forum_Jones_Lang_LaSalle_and_the/link/53d396030cf220632f3cd368/download?_tp=eyJjb250ZXh0Ijp7ImZpcnN0UGFnZSI6InB1YmxpY2F0aW9uIiwicGFnZSI6InB1YmxpY2F0aW9uIn19 Cutting Edge version available from ResearchGate